Threesome /

সংরক্ষণ করুন:
গ্রন্থ-পঞ্জীর বিবরন
প্রধান লেখক: Claxton, Crin (লেখক), Cooper, Charlotte (লেখক), Fox, Astrid (লেখক)
বিন্যাস: গ্রন্থ
ভাষা:ইংরেজি
প্রকাশিত: London : Red Hot Diva, c2002
ট্যাগগুলো: ট্যাগ যুক্ত করুন
কোনো ট্যাগ নেই, প্রথমজন হিসাবে ট্যাগ করুন!

MARC

LEADER 00000nam a22000007i 4500
001 IT\ICCU\UBO\1858789
003 ItRI
005 20260115232240.0
008 021018s2002 xxk|||||| ||||| |||||c
040 |b ita  |c importazione bologna sebina 
041 7 |a eng  |2 ISO-639-2 
100 1 |a Claxton, Crin  |0 IT\ICCU\UBOV\699620  |4 aut 
245 1 0 |a Threesome /  |c Crin Claxton ; Charlotte Cooper ; Astrid Fox. 
260 |a London :  |b Red Hot Diva,  |c c2002 
300 |a 82 p. ;  |c 18 cm. 
700 1 |a Cooper, Charlotte  |0 IT\ICCU\UBOV\618674  |4 aut 
700 1 |a Fox, Astrid  |0 IT\ICCU\UBOV\699621  |4 aut 
942 |2 ddc  |c BK  |n 0 
952 |0 0  |1 0  |4 0  |6 L_823_080000000000000_THR  |7 0  |9 22904  |a BO  |b BO  |d 2026-01-15  |i 6539  |l 0  |o L 823.080 THR  |p BO6539  |r 2026-01-15 23:22:40  |w 2026-01-15  |x [Sebina 5] [1 v.]  |y BK  |z 1 v. 
999 |c 19552  |d 19552